Statistics for Canadian Provincial and Territorial Capitals

Click here to take the quiz!

General Stats

  • This quiz has been taken 31 times
  • The average score is 11 of 13

Answer Stats

Province/TerritoryCapital% Correct
QuebecQuebec City
97%
Northwest TerritoriesYellowknife
97%
Nova ScotiaHalifax
90%
OntarioToronto
90%
AlbertaEdmonton
86%
British ColumbiaVictoria
86%
ManitobaWinnipeg
86%
Prince Edward IslandCharlottetown
83%
SaskatchewanRegina
79%
Newfoundland and LabradorSt. John's
79%
Yukon TerritoryWhitehorse
79%
NunavutIqaluit
66%
New BrunswickFredericton
55%

Score Distribution

Percentile by Number Answered

Percent of People with Each Score

Your Score History

You have not taken this quiz